| 000 | 00776nam a2200241 i 4500 | ||
|---|---|---|---|
| 001 | 174458 | ||
| 003 | ES-MaACL | ||
| 005 | 20230906215532.0 | ||
| 008 | 100423s1988 sp |||| |dspa d | ||
| 020 | _a84-249-1366-3 | ||
| 080 | _a821.124-14"-00" | ||
| 100 | 1 |
_aOvidio Nasón, Publio. _988013 |
|
| 245 | 1 | 0 |
_aFastos / _cP. Ovido Nasón ; introducción, traducción y notas por Bartolomé Segura Ramos. |
| 260 |
_aMadrid : _bGredos, _c1988. |
||
| 300 |
_a246 p. ; _c20 cm. |
||
| 490 | 1 |
_aBiblioteca clásica Gredos ; _v121 |
|
| 500 | _aÍndice de nombres propios. | ||
| 504 | _aBibliografía: p. [21]-26. | ||
| 700 | 1 |
_aSegura Ramos, Bartolomé. _9105223 |
|
| 830 | 0 |
_aBiblioteca clásica Gredos ; _v121 _9177556 |
|
| 852 | 4 |
_a BA _jC-57136 |
|
| 999 |
_c174458 _d174458 |
||